00442cam a22001091 4500082002500000100003200025245010700057260005600164300005200220526003700272650002300309 a942bTREcL-28, P-161 aTrevelyan, George Macaulay,10aEnglish social history;ba survey of six centuries, Chaucer to Queen Victoria,cby G. M. Trevelyan ... aLondon,aNew York,bLongmans, Green and Co.c[1946] axii, 628 p.billus. (map, plans) diagr.c23 cm. a0b0c0d942_000000000000000_TRE 7aHistoria Da Europa